000 00868nam a2200205 a 4500
001 78549
003 BD-RjUL
005 20211209083136.0
008 211004s1980 ii ||||| |||| 00| 0 ben d
035 _a(BD-RjUL)78775
040 _aBD-RjUL
_beng
_cBD-RjUL
041 _aben
082 _223
_a305.800954
_bCHB 1980
245 _aভারতবর্ষের অধিবাসীর পরিচয় /
_cননীমাধব চৌধুরী
260 _aকলিকাতা :
_bবঙ্গীয় বিজ্ঞান পরিষদ ;
_bপশ্চিমবঙ্গ রাজ্য পুস্তক পর্ষদ,
_c১৯৮০
300 _a৩০০ পৃ.;
_c২২ সেমি.
650 _aজাতিবিজ্ঞান
_zদক্ষিণ এশিয়া
_9248494
650 _aEthnology
_zSouth Asia.
_9248848
942 _2ddc
_cBK
999 _c78549
_d78549